000 00533cam a2200217 4500
001 J2054
008 090401t1987 xxu||||| |||| 00| 0 eng d
035 _a(Sirsi) u46903
041 _aeng
050 _a333.337
110 _aChristie and Co
_91921
245 _aHotel review. - November/December 1987.
260 _aLondon
_bChristie & Co.
_c1987
300 _a23p. : ill. ; 30cm.
350 _a0
650 _aHOTELS
650 _aPROPERTY MARKET
690 _aLEISURE AND RECREATION
942 _n0
948 _c04/03/1997
999 _c92036
_d92036